00376 a2200121 4500001000900000005001700009008004100026245004600067100002600113700002400139773007400163999001700237ART_906020260410161845.0260409a 10aAranceles y subsidios a las exportaciones1 aEchavarría, Juan J.1 aPerry, Guillermo E.0 tEl trimestre económicog- Vol. L, Nº 197 (ene./mar. 1983)wREV6933 c24495d24495